00486nam a22001577a 4500003000400000005001700004008004100021020001800062082001600080100001800096245010100114260003800215300001500253490002500268800003500293OSt20220602121602.0220602b |||||||| |||| 00| 0 eng d a9783319904429 a652.8bD72H a Dooley, John aHistory of cryptography and cryptanalysis : codes, ciphers, and their algorithmscby John Dooley aCham, SwitzerlandbSpringerc2018 axiv, 303p. aHistory of computing aAlberts, GerardeSeries editor